Borussia Dortmund 2019/2020 Squad - Statistics

General Stats
  • This quiz has been taken 578 times
    546 since last reset
  • The average score is 18 of 27
Answer Stats
No. Answer % Correct
1 Switzerland (GK) Roman Bürki
96%
11 Germany (FW) Marco Reus
95%
7 England (MF) Jadon Sancho
94%
5 Morocco (DF) Achraf Hakimi
90%
15 Germany (DF) Mats Hummels
85%
28 Belgium (MF) Axel Witsel
84%
6 Denmark (MF) Thomas Delaney
83%
16 Switzerland (DF) Manuel Akanji
82%
13 Portugal (DF) Raphaël Guerreiro
81%
23 Belgium (MF) Thorgan Hazard
80%
2 France (DF) Dan-Axel Zagadou
77%
35 Switzerland (GK) Marwin Hitz
77%
9 Spain (FW) Paco Alcácer
77%
19 Germany (MF) Julian Brandt
71%
10 Germany (MF) Mario Götze
71%
- Switzerland (MAN) Lucien Favre
65%
26 Poland (DF) Łukasz Piszczek
63%
8 Germany (MF) Mahmoud Dahoud
56%
29 Germany (DF) Marcel Schmelzer
56%
14 Germany (DF) Nico Schulz
52%
34 Denmark (FW) Jacob Bruun Larsen
49%
18 Argentina (DF) Leonardo Balerdi
47%
22 Spain (DF) Mateu Morey
43%
33 Germany (MF) Julian Weigl
39%
25 Germany (GK) Luca Unbehaun
29%
37 Germany (MF) Tobias Raschl
22%
40 Germany (GK) Eric Oelschlägel
19%
No matching quizzes found
Score Distribution
Percent of People with Each Score
Percentile by Number Answered
Your Score History
You have not taken this quiz since the last reset